Things with shells - Picture quiz - Statistics

General Stats
  • This quiz has been taken 71 times
  • The average score is 13 of 16
Answer Stats
Picture Answer % Correct
Snail
98%
Turtle
98%
Egg
95%
Peanut
92%
Coconut
90%
Oyster
90%
Conchigle
87%
Bullet
86%
Clam
86%
Tortoise
86%
Armadillo
84%
Walnut
81%
Hermit crab
65%
Barnacle
46%
Nautilus
46%
Ammonite
22%
No matching quizzes found
Score Distribution
Percent of People with Each Score
Percentile by Number Answered
Your Score History
You have not taken this quiz